000 00557nam a2200241Ia 4500
003 0100
008 130307s9999 xx 000 0 und d
040 _cARRUPELIB
050 _aBT701.2.O33 1976
100 _aO'Grady, John F
245 _aChristian anthropology
245 _ba meaning for human life
260 _aNew York
260 _bPaulist Press
260 _c1976
300 _aviii
300 _b231p. 23 cm.
650 _aTHEOLOGY
650 _bEthics
650 _cFeminist ethics
650 _dEthics, Comparative
942 0 0 _01
999 _c97242
_d97242